000 00424cam a2200145 4500500
005 20251012032531.0
041 _afre
042 _adc
100 1 0 _aSamama, Guy
_eauthor
245 0 0 _aLa honte entre corps et âme
260 _c2004.
500 _a61
786 0 _nSigila | 14 | 2 | 2004-12-20 | p. 153-165 | 1286-1715
856 4 1 _uhttps://shs.cairn.info/revue-sigila-2004-2-page-153?lang=fr&redirect-ssocas=7080
999 _c1547589
_d1547589